| 000 | 00570nam a22002057a 4500 | ||
|---|---|---|---|
| 003 | OSt | ||
| 005 | 20140310183123.0 | ||
| 008 | 130516t xxu||||| |||| 00| 0 eng d | ||
| 020 | _a9712709507 | ||
| 050 |
_aPL5536 _b.Ar794 2000 |
||
| 082 |
_aF899.2104 _b.Ar794 2000 |
||
| 245 |
_aYoungblood 2.0 _cAruta, Jorge V. |
||
| 260 |
_aPasig City _bAnvil Publishing, Inc. and Philippine Daily Inquirer, Inc. _c2000 |
||
| 300 |
_axi, 232 p. ; _c23 cm. |
||
| 521 | _acollege students | ||
| 526 | _c1210L - 1700L | ||
| 541 | _j1 | ||
| 562 | _e1 | ||
| 942 |
_2lcc _cBK _kFIL |
||
| 999 |
_c18972 _d18972 |
||